| 000 | 00645nam a22002177a 4500 | ||
|---|---|---|---|
| 003 | dpl | ||
| 005 | 20180910112048.0 | ||
| 008 | 180910b xxu||||| |||| 00| 0 eng d | ||
| 010 | _aA-711657 | ||
| 020 |
_a8120203186 _c0.00 |
||
| 040 |
_aDPL _bEN _c0 |
||
| 082 |
_a320.531 _bMAT |
||
| 245 |
_aDignity for all : _bessays in socialism and democracry _ced by George Mathew |
||
| 250 | _b1991 | ||
| 260 |
_aDelhi _bAjanta books international |
||
| 270 |
_a1 UB Jawahar nagar, bungalow road _bDelhi _e110007 |
||
| 300 |
_a224p.: _c20cm |
||
| 500 | _aInclude Index | ||
| 700 | _aMathew, George | ||
| 942 |
_2ddc _cEN _h320.531 _mMAT |
||
| 999 |
_c157256 _d157256 |
||